|
|
|
|
| LEADER |
00660pam a2200193 a 4500 |
| 020 |
|
|
|a 9789352290550
|
| 082 |
0 |
|
|a 305.4
|b JOH/S
|
| 100 |
1 |
|
|a John Stuart Mill
|9 23768
|
| 245 |
1 |
4 |
|a The subjection of women /
|c by John Stuart Mill.
|
| 260 |
|
|
|a New Delhi:
|b Vani Prakasan,
|c c2015.
|
| 300 |
|
|
|a 112 p.
|
| 650 |
|
0 |
|a Women
|9 23769
|
| 650 |
|
0 |
|a Women's rights.
|9 23770
|
| 650 |
|
0 |
|a Equality.
|9 23771
|
| 650 |
|
0 |
|a Social Sciences
|9 23772
|
| 700 |
1 |
|
|a Okin, Susan Moller.
|9 23773
|
| 942 |
|
|
|c BK
|
| 999 |
|
|
|c 68552
|d 68552
|
| 952 |
|
|
|0 0
|1 0
|4 0
|6 305_400000000000000_JOH_S
|7 0
|9 88992
|a SSUS
|b SSUS
|c STACKS
|d 2017-11-10
|g 175.00
|l 1
|o 305.4 JOH/S
|p 086067
|r 2020-07-02
|s 2020-03-02
|w 2017-11-10
|y BK
|